| 000 | 00389nam a2200157Ia 4500 | ||
|---|---|---|---|
| 008 | 230312s9999||||xx |||||||||||||| ||und|| | ||
| 020 | _a1-57610-291-2 | ||
| 082 |
_a005-133 _bBRO-J |
||
| 100 | _aBrogden Bill | ||
| 245 | 0 | _aJava 2 | |
| 260 |
_aUSA _c1999 |
||
| 300 | _a388 | ||
| 546 | _aEng. | ||
| 650 |
_aComputer _vJawa and The Sun Certification Test.Language Fundamentals |
||
| 942 | _cBK | ||
| 999 |
_c3196 _d3196 |
||